Albańscy sportowcy - nagła śmierć - Statystyki

Ogólne statystyki
  • Ten quiz został rozwiązany 25 razy
  • Średni wynik to 9 z 10
Answers on the Grid
Answers color-coded by a green-red scale on the quiz's grid according to % correct below.
Taulant Xhaka
Alexander Isak
Thomas Strakosha
Grigor Dimitrov
Efthymis Koulouris
Armando Broja
Jelena Ostapenko
Lorik Cana
Majlinda Kelmendi
Stefan Jovetić
Vladimir Zografski
Elseid Hysaj
Giannis Antetokounmpo
Nick Kyrgios
Berat Djimsiti
Dušan Tadić
Myrto Uzuni
Stefanos Tsitsipas
Kristjan Asllani
Distria Krasniqi
 
Statystyki odpowiedzi
Odpowiedź % Poprawnych
Armando Broja
95%
Elseid Hysaj
90%
Kristjan Asllani
90%
Myrto Uzuni
90%
Thomas Strakosha
90%
Berat Djimsiti
86%
Distria Krasniqi
86%
Lorik Cana
86%
Majlinda Kelmendi
86%
Taulant Xhaka
86%
Nie znaleziono quizów pasujących do podanych kryteriów
Rozkład punktacji
Procent ludzi z każdym wynikiem
Percentyl według liczby udzielonych odpowiedzi
Twoja historia wyników
Nie rozwiązałeś tego quizu